Language and mind
Salvato in:
| Autore principale: | |
|---|---|
| Natura: | Libro |
| Lingua: | Undetermined |
| Pubblicazione: |
New York, Estados Unidos
Harcourt Brace Jovanovich
1972
|
| Soggetti: | |
| Tags: |
Aggiungi Tag
Nessun Tag, puoi essere il primo ad aggiungerne!!
|
MARC
| LEADER | 00000nam a2200000Ia 4500 | ||
|---|---|---|---|
| 008 | 170316s9999 xx 000 0 und d | ||
| 090 | |a 410 Ch-7L | ||
| 100 | |a Chomsky, Noam | ||
| 245 | |a Language and mind | ||
| 260 | |a New York, Estados Unidos | ||
| 260 | |b Harcourt Brace Jovanovich | ||
| 260 | |c 1972 | ||
| 300 | |a 194 páginas | ||
| 650 | |a LINGÜÍSTICA | ||
| 999 | |c 18326 |d 18326 | ||
| 040 | |a cru BVZT | ||
| 942 | |c 15 D |h 410 Ch-7L |2 z | ||
